Statistics for The Walking Dead Hard Quiz #1

Click here to take the quiz!

General Stats

  • This quiz has been taken 16 times
  • The average score is 10 of 15

Answer Stats

HintAnswer% Correct
What's Glenn's last nameRhee
100%
How many children does Hershel have5
93%
Who kills zombie MerleDaryl
86%
Who was Lizzy about to kill after she killed her sisterJudith
86%
What episode and season does Shane Die (ie. 9x10)2x12
71%
Who calls Daryl his brother in season 4Rick
71%
What does Glenn go back for in atlanta that belongs to rickSherrif's Hat
71%
Who did Rick make leave the prison group until she returned the same seasonCarol
64%
What is Morgans son's nameDuane
64%
What state is Alexandria located inVirginia
64%
What season did they find Morgan again gone crazy and alone after his sons deathSeason 3
50%
Who was the last prisoner to die in season 3Axel
43%
Where was the group heading to before Sophia was lost in the forestFort Benning
43%
What was Terminus's "slogan" (it was written on all their signs)Sanctuary for all
36%
What was the name of the group of psychos that had the "claim" ruleThe Claimers
29%

Score Distribution

Percentile by Number Answered

Percent of People with Each Score

Your Score History

You have not taken this quiz